00290nam a22000977a 4500082000800000100003700008245004700045260006200092300002300154500001500177 a006 aNational Instruments Corporation aLabview Basic II Development Course Manual aNew York :bNational Instrumentation Corporation, c2005. a(i-v) p. ;b28 cm. aPaperback.